| 000 | 00992naa a22002897a 4500 | ||
|---|---|---|---|
| 001 | BR8106293 | ||
| 003 | BR-BrBNA | ||
| 005 | 20240918174924.0 | ||
| 007 | ta | ||
| 008 | 230509b bl.||||| |||| 00| 0 por d | ||
| 040 |
_aBR-BrBNA _bpor _cBiblioteca Nacional de Agricultura |
||
| 041 | _a(Pt) | ||
| 072 |
_aH60 _b0430 _b3876 |
||
| 090 | _aH60 BR8106293 | ||
| 100 | 1 | _aLaca-Buendia, J.P. | |
| 245 | 1 | _aEstudo da epoca de aplicacao de novos herbicidas seletivos em duas cultivares de algodao (Gossypium hirsutum L.) | |
| 260 | 3 |
_aBelo Horizonte, MG (Brasil): _c1981. |
|
| 500 | _aProjeto algodao. Relatorio 78/79 Belo Horizonte, MG (Brasil): 1981. p. 18-19 (BR8106293-AM)H60 | ||
| 650 | _aALGODAO | ||
| 650 | _aVARIEDADE | ||
| 650 | _aHERBICIDA | ||
| 650 | _aPOS-EMERGENCIA | ||
| 650 | _aCONTROLE QUIMICO | ||
| 773 | 0 |
_tProjeto algodao. Relatorio 78/79 _wH60 BR8106293 _gBelo Horizonte, MG (Brasil), 1981. p. 18-19 |
|
| 909 |
_a202404 _bLucia _c55 _dLucia Elande |
||
| 942 |
_cAM _2AGRIS |
||
| 999 |
_c314362 _d314362 |
||